000 00337nam a22001457a 4500
008 210301b ||||| |||| 00| 0 eng d
020 _a9780801318559
041 _aeng
080 _a37
082 _a37
100 _a46
101 _aEDU
245 _aPlanning and Conducting Agency-Based Research
_cWesterfelt, A
942 _2udc
_cBK
999 _c55398
_d55398